It looks like you're offline.
Open Library logo
additional options menu

MARC record from Internet Archive

LEADER: 00826cam 2200217Ii 4500
001 1950649
003 OCoLC
005 19990719095509.0
008 760128s1920 nyuaef c 001 0deng d
040 $aNYG$cNYG$dOCL
049 $aBOSS
090 $aN610$b.F20
110 2 $aMetropolitan Museum of Art (New York, N.Y.)
245 10 $aCatalogue of paintings /$cby Bryson Burroughs, curator, Dept. of Paintings, The Metropolitan Museum of Art.
250 $a5th ed.
260 $aNew York :$bThe Museum,$c1920.
300 $axiv, 363 p. :$bill. (plan) plates ;$c22 cm.
500 $a"Of this catalogue ... a fifth edition of ten thousand copies with additions, corrections, and illustrations was printed June, l920."
650 0 $aPainting$zNew York (State)$zNew York$xCatalogs.
650 0 $aPainters.
700 1 $aBurroughs, Bryson,$d1869-1934.